Central Library OPAC University of Rajshahi

Demographic factors and savings / (Record no. 35562)

MARC details
000 -LEADER
fixed length control field 00806nam a22002771 4500
001 - CONTROL NUMBER
control field 35562
003 - CONTROL NUMBER IDENTIFIER
rucl marc code BD-RjUL
005 - DATE AND TIME OF LATEST TRANSACTION
control field 20211209052338.0
008 - FIXED-LENGTH DATA ELEMENTS--GENERAL INFORMATION
fixed length control field 140526s1961 amsde 000 0 eng d
035 ## - SYSTEM CONTROL NUMBER
System control number (BD-RjUL)35657
System control number (OCoLC)1870240
040 ## - CATALOGING SOURCE
Original cataloging agency DLC
Transcribing agency FMU
Modifying agency Uk
-- DLC
-- BD-RjUL
Language of cataloging eng
041 ## - LANGUAGE CODE
Language code of text/sound track or separate title eng
082 ## - DEWEY DECIMAL CLASSIFICATION NUMBER
Classification number 657.04
Author mark and year EID 1961
100 1# - MAIN ENTRY--PERSONAL NAME
Personal name Eizenga, W.
9 (RLIN) 108289
245 10 - TITLE STATEMENT
Title Demographic factors and savings /
Statement of responsibility, etc. W. Eizenga
260 ## - PUBLICATION, DISTRIBUTION, ETC. (IMPRINT)
Place of publication, distribution, etc. Amsterdam :
Name of publisher, distributor, etc. North-Holland Pub. Co.,
Date of publication, distribution, etc. 1961.
300 ## - PHYSICAL DESCRIPTION
Pagination x, 107 p. :
Illustrations ill. ;
Size 22 cm.
504 ## - BIBLIOGRAPHY, ETC. NOTE
Bibliography, etc Bibliographical footnotes.
650 #0 - SUBJECT ADDED ENTRY--TOPICAL TERM
Topical term or geographic name as entry element Income.
9 (RLIN) 108290
Topical term or geographic name as entry element Consumption (Economics)
9 (RLIN) 108291
942 ## - ADDED ENTRY ELEMENTS (KOHA)
Source of classification or shelving scheme Dewey Decimal Classification
Koha item type Books
Holdings
Lost status Source of classification or shelving scheme Damaged status Not for loan Collection code Permanent Location Current Location Shelving location Date acquired Source of acquisition Cost, normal purchase price Total Checkouts Full call number Date last seen Copy number Koha item type
  Dewey Decimal Classification   Not For Loan Non-fiction Central Library, University of Rajshahi Central Library, University of Rajshahi Reading Room 28/03/1964 Zeitlinger 20.00   657.04 EID 1961 26/05/2014 C-1 Books